Statistics for Transformers Armada

Click here to take the quiz!

General Stats

  • This quiz has been taken 109 times
  • The average score is 24 of 56

Answer Stats

AnswerAnswer% Correct
Optimus Prime2nd Mini-Con
100%
Megatron
95%
Hot Shot
89%
Starscream
86%
Jetfire
84%
Red Alert
81%
Cyclonus
73%
Sideswipe
73%
Sideways
73%
Thrust
70%
Demolisher
68%
Blurr
65%
Wheeljack
65%
Scavenger
62%
Smokescreen
62%
Galvatron
59%
Unicron
59%
Jolt
57%
Tidal Wave
57%
Hoist
49%
Ironhide
49%
Swindle
49%
Skywarp
46%
Thundercracker
46%
Leader-1
43%
Sparkplug
43%
Blackout
38%
Overload
35%
Dead End
32%
Inferno
32%
Longarm
32%
Nemesis Prime
32%
Ramjet
32%
Cheetor
30%
Rhinox
30%
Cliffjumper
27%
Airazor
24%
Incinerator
24%
Rollbar
24%
Crosswise
22%
Nightbeat
22%
Armorhide
19%
Crumplezone
19%
Liftor
19%
Over-Run
19%
Terrorsaur
19%
Zapmaster
19%
Comettor
16%
Refute
16%
Rook
16%
Thunderclash
16%
Clench
14%
Rollout
14%
Nightscream
11%
Run-Over
8%
Wind Sheer
8%

Score Distribution

Percentile by Number Answered

Percent of People with Each Score

Your Score History

You have not taken this quiz